Európska diplomacia: mýtus, alebo realita?

Zavedenie pojmu európska diplomacia súvisí so sklonom porovnávať Európsku úniu a jej inštitúcie so štátom. Snaha o definíciu európskej diplomacie. Subjekty európskej diplomacie. Európska diplomacia realizovaná v zásade vo vzťahu k externým aktérom. Európska diplomacia v praxi.

Na minha lista:
Detalhes bibliográficos
Autor principal: Pajtinka, Erik
Formato: Capítulo de Livro
Idioma:eslovaco
Assuntos:
Tags: Adicionar Tag
Sem tags, seja o primeiro a adicionar uma tag!

MARC

LEADER 00000naa$a2200000$$$4500
001 0052300
005 20231016092440.1
041 0 |a slo 
044 |a CZ 
245 1 0 |a Európska diplomacia: mýtus, alebo realita?  |c Erik Pajtinka 
520 |a Zavedenie pojmu európska diplomacia súvisí so sklonom porovnávať Európsku úniu a jej inštitúcie so štátom. Snaha o definíciu európskej diplomacie. Subjekty európskej diplomacie. Európska diplomacia realizovaná v zásade vo vzťahu k externým aktérom. Európska diplomacia v praxi. 
610 2 0 |a diplomacia 
610 2 0 |a vzťahy medzinárodné 
610 2 0 |a politika zahraničná 
610 2 0 |a štát 
610 2 0 |a organizácie medzinárodné 
610 2 0 |a inštitúcia 
610 2 0 |a Európska únia 
100 1 |a Pajtinka, Erik